Rohstoffökonomik Theorie natürlicher Ressourcen mit Anwendungsbeispielen Öl, Kupfer, Uran und Fischerei

Saved in:
Bibliographic Details
Main Author: Ströbele, Wolfgang
Format: Book
Language:German
Published: München Vahlen 1987
Edition:1. Aufl.
Series:WiSt-Taschenbücher
Subjects:
Tags: Add Tag
No Tags, Be the first to tag this record!

MARC

LEADER 00000nam a2200000 4500
001 c010478
005 20221219111246.8
020 |a 3-8006-1227-5 
041 0 |a ger 
044 |a DE 
245 1 0 |a Rohstoffökonomik  |b Theorie natürlicher Ressourcen mit Anwendungsbeispielen Öl, Kupfer, Uran und Fischerei  |c Wolfgang Ströbele 
250 |a 1. Aufl. 
264 1 |a München  |b Vahlen  |c 1987 
300 |a 187 s. 
490 1 |a WiSt-Taschenbücher 
830 0 |a WiSt-Taschenbücher 
610 2 0 |a suroviny 
610 2 0 |a zdroje surovinové 
610 2 0 |a ceny 
610 2 0 |a zásoby surovín 
610 2 0 |a modely 
610 2 0 |a rovnováha trhová 
610 2 0 |a rybolov 
610 2 0 |a prostredie životné 
100 1 |a Ströbele, Wolfgang